El abrazo partido (Registro nro. 60312)

Detalles MARC
000 -ENCABEZADO
Número de control [NR] 02563nam a2200301Ia 4500
008 - DE LONGITUD FIJA DE DATOS DE ELEMENTOS - INFORMACIÓN GENERAL
Elementos de longitud fija [NR] 130821s2004 xx gs spa
041 00 - CODIGO DE IDIOMA [R]
Código de idioma para texto/pista de sonido o título separado [R] Español
092 ## - SIGNATURA TOPOGRAFICA LOCAL
Número de clasificación local DVD 0426
245 03 - MENCION DE TITULO [NR]
Título [NR] El abrazo partido
Mención de responsabilidad, etc. [NR] [DVD]
260 ## - PUBLICACION, DISTRIBUCION, ETC. (PIE DE IMPRENTA) [R]
Lugar de publicación, distribución, etc. [R] [Lugar desconocido]
Nombre del editor, distribuidor, etc. [R] Bd Cine; Paradise Films; Storie; Wanda Vision
Fecha de publicación, distribución, etc. [R] 2004
300 ## - DESCRIPCION FISICA [R]
Extensión [R] 1 DVD
500 ## - NOTA GENERAL [R]
Nota general [NR] SINOPSIS: Ariel (Daniel Hendler) es un "adolescente tardío", que vive en la Argentina de hoy, en un ambiente de confusión y decadencia, donde todo a su alrededor se transforma en otra cosa, en una desesperada búsqueda por la supervivencia. En esta transformación, muchos retoman sus orígenes, pero no como una reafirmación de la identidad, si no con objetivos "burocráticos", como conseguir un pasaporte de alguna nacionalidad ancestral, que haga de salvoconducto al paraíso europeo, la construcción de una esperanza posible. Pero hay un hecho en su vida que determina su punto de vista sobre todas las cosas. Un padre héroe, que abandona a su familia por un ideal. Un dilema moral insoportable, una pensamiento obsesivo que lo ciega. Pero entonces la verdad se transforma, como todo a su alrededor. El padre vuelve, con verdades nuevas, con otra historia, que ahora también es la suya. "El abrazo partido" intenta reflejar el camino de la construcción de una identidad, construida en base a pequeñas anécdotas, trágicas y cómicas, verdades y mentiras
508 ## - NOTA DE CREDITOS DE CREACION/PRODUCCION [R]
Nota de créditos de creación/producción [NR] CREDITOS: Dirección, Daniel Burman; Dirección artística, María Eugenia Sueiro; Fotografía, Ramiro Civita; Guión: Marcelo Birmajer y Daniel Burman; Montaje, Alejandro Broder-sohn; Música, Cesar Lerner; Producción: Diego Dubcovsky y Daniel Burman; Vestuario, Roberta Pesci.
511 ## - NOTA DE PARTICIPANTE O INTERPRETE [R]
Nota de participante o intérprete [NR] Daniel Hendler (Ariel), Sergio Boris (Joseph), Adriana Aizemberg (Sonia), Jorge D'Elia (Elias), Rosita Londner (Abuela de Ariel), Diego Korol (Mitelman), Silvina Bosco (Rita), Melina Petriella (Estela), Isaac Fain (Osvaldo), Aitilio Pozzobon (Saligani).
546 ## - NOTA DE IDIOMA [R]
Nota de idioma [NR] Audio en Español. Subtítulos en Inglés, Portugués, y Español.
650 04 - ASIENTO SECUNDARIO DE MATERIA - TERMINO TEMATICO [R]
Término temático o nombre geográfico como elemento de entrada [NR] Adolescentes en el cine
9 (RLIN) 8633
650 04 - ASIENTO SECUNDARIO DE MATERIA - TERMINO TEMATICO [R]
Término temático o nombre geográfico como elemento de entrada [NR] Entretenimiento
9 (RLIN) 26487
650 04 - ASIENTO SECUNDARIO DE MATERIA - TERMINO TEMATICO [R]
Término temático o nombre geográfico como elemento de entrada [NR] Películas cinematográficas
Subdivisión geográfica [R] Argentina
Subdivisión de forma [R] DVD
9 (RLIN) 7903
650 04 - ASIENTO SECUNDARIO DE MATERIA - TERMINO TEMATICO [R]
Término temático o nombre geográfico como elemento de entrada [NR] Relaciones familiares
Subdivisión de forma [R] DVD
9 (RLIN) 8041
650 04 - ASIENTO SECUNDARIO DE MATERIA - TERMINO TEMATICO [R]
Término temático o nombre geográfico como elemento de entrada [NR] Sociología
9 (RLIN) 386
700 1# - ASIENTO SECUNDARIO - NOMBRE PERSONAL [R]
Nombre personal [NR] Burman, Daniel
Fechas asociadas con el nombre [NR] 1973
Término de relación [R]
710 2# - ASIENTO SECUNDARIO - NOMBRE CORPORATIVO [R]
Nombre corporativo o de jurisdicción como elemento de entrada [NR] Bd Cine
710 2# - ASIENTO SECUNDARIO - NOMBRE CORPORATIVO [R]
Nombre corporativo o de jurisdicción como elemento de entrada [NR] Paradise Films
710 2# - ASIENTO SECUNDARIO - NOMBRE CORPORATIVO [R]
Nombre corporativo o de jurisdicción como elemento de entrada [NR] Storie
710 2# - ASIENTO SECUNDARIO - NOMBRE CORPORATIVO [R]
Nombre corporativo o de jurisdicción como elemento de entrada [NR] Wanda Vision
856 04 - LOCALIZACION Y ACCESO ELECTRONICOS [R]
Identificador Uniforme del Recurso (“URI”) [R] <a href="http://www.youtube.com/watch?v=qHvys9ERRkg">http://www.youtube.com/watch?v=qHvys9ERRkg</a>
Nota dirigida al público [R] Siga este vínculo para ver el trailer.
942 ## - ELEMENTOS DE ENTRADA AGREGADOS (KOHA)
Tipo de ítem principal el descrito en 300a Multimedia
Sistema de clasificación LOCAL
Tema principal [No clasificado]
Edición 1
Existencias
Fecha de último préstamo Código de barras Última vez visto Volúmen / Fascículo Ejemplar Price effective from Tipo de ítem Perdido Sistema de clasificación Dañado No prestable Tipo de ítem específico Suprimido Ubicación habitual Ubicación actual Localización Fecha de creación Forma de adquisición Costo Total préstamos Total Renewals
07/05/2012 100097964 03/12/2025 DVD 0426 Ej.1 03/02/2013 Multimedia   LOCAL   Préstamo restringido DVD   Procesos Técnicos Procesos Técnicos (no para préstamo) Procesos Técnicos 19/02/2013 Compra 19900.00    
14/07/2018 100097761 12/12/2025 DVD 0426 Ej.2 03/02/2013 Multimedia   DEWEY     DVD   Quinta de Mutis Quinta de Mutis Colección digital 19/02/2013 Donación 26000.00 54 3